Пусть с песней крылья вырастают (Запись № 12929304)

Подробности
000 -МАРКЕР
контрольное поле 04173ncm0a2200433 4500
001 - ИДЕНТИФИКАТОР ЗАПИСИ
контрольное поле RU\NLR\ONIZ\297042
005 - ИДЕНТИФИКАТОР ВЕРСИИ
контрольное поле 20250625024840.0
013 ## - МЕЖДУНАРОДНЫЙ СТАНДАРТНЫЙ НОМЕР ИЗДАНИЯ МУЗЫКАЛЬНОГО ПРОИЗВЕДЕНИЯ (ISMN)
Номер (ISMN) 97-0-9003278-4-0
021 ## - НОМЕР ГОСУДАРСТВЕННОЙ РЕГИСТРАЦИИ
Код страны Российская Федерация
Номер 2021-000385
Номер Листа государственной регистраци 2021-НО-П-26
035 ## - ДРУГИЕ СИСТЕМНЫЕ НОМЕРА
Идентификатор записи (NLR Aleph) 016285610
100 ## - ДАННЫЕ ОБЩЕЙ ОБРАБОТКИ
Данные общей обработки 20221219d2021 |||y0rusy50 ca
101 0# - ЯЗЫК РЕСУРСА
Язык текста, звукозаписи и т.д. русский
-- марийский
102 ## - СТРАНА ПУБЛИКАЦИИ ИЛИ ПРОИЗВОДСТВА
Страна публикации Российская Федерация
125 ## - ПОЛЕ КОДИРОВАННЫХ ДАННЫХ: ЗВУКОЗАПИСИ И НОТНЫЕ ИЗДАНИЯ
Форма изложения нотного текста a|
128 ## - ПОЛЕ КОДИРОВАННЫХ ДАННЫХ: МУЗЫКАЛЬНАЯ ФОРМА, ТОНАЛЬНОСТЬ И ЛАД
Музыкальная форма li
145 0# - ПОЛЕ КОДИРОВАННЫХ ДАННЫХ: СРЕДСТВО ИСПОЛНЕНИЯ МУЗЫКАЛЬНОГО ПРОИЗВЕДЕНИЯ (УСТАРЕВШЕЕ)
Тип средства исполнения a
200 1# - ЗАГЛАВИЕ И СВЕДЕНИЯ ОБ ОТВЕТСТВЕННОСТИ
Основное заглавие Пусть с песней крылья вырастают
Общее обозначение материала Ноты
Сведения, относящиеся к заглавию сборник песен
-- [для пения с букв.-цифр. обозн. сопровожд.]
Первые сведения об ответственности С. С. Луничкина
203 ## - ВИД СОДЕРЖАНИЯ И ТИП СРЕДСТВА
Вид содержания Музыка
Дополнительные сведения об издании
--
Тип средства непосредственная
210 ## - ПУБЛИКАЦИЯ, РАСПРОСТРАНЕНИЕ И ДР.
Место издания, распространения и т.д. Йошкар-Ола
Имя издателя, распространителя и т. д. Издательский дом "Марийское книжное издательство"
Дата издания, распространения и т.д. 2021
215 ## - ФИЗИЧЕСКАЯ ХАРАКТЕРИСТИКА
Специфическое обозначение материала и объем 48 с.
Другие сведения о физической характеристике ил., фотопортр.
Размеры 29 см
300 ## - ОБЩИЕ ПРИМЕЧАНИЯ
Текст примечания Крат. биогр. справка: с. 4 обл.
313 ## - ПРИМЕЧАНИЯ, ОТНОСЯЩИЕСЯ К ТЕМАТИЧЕСКОМУ ДОСТУПУ
Текст примечания Систематизация документа проведена по изданию - Методика классифицирования музыкальных произведений (нотных изданий) по таблицам Библиотечно-библиографических классификаций : метод. рекомендации / Гос. б-ка СССР им. В.И. Ленина.- М., 1977. Индексу ББК методических рекомендаций присваивается код ББК для научных библиотек - LBC/SL
327 0# - ПРИМЕЧАНИЯ О СОДЕРЖАНИИ
Текст примечания Содерж.: 1. Родина / слова Н. Барышниковой ; 2. Россия / слова В. Доронина ; 3. Песня о России / слова А. Чуркина ; 4. В едином союзе : гимн Килемарского района / слова В. Жирова ; 5. Земля предков : гимн межрегионального фольклорно-этнографического праздника "Земля предков" / слова В. Барышниковой ; 6. Гимн марафона / слова Н. Барышниковой ; 7. Килемары / слова В. Пахмутовой ; 8. Родной край / слова Р. Лукьяновой ; 9. Äтям - ветеран / шамакшы Л. Хлебникован ; 10. Цветок Марий Эл / слова А. Булкина ; 11. Килемарский край / слова Л. Хлебниковой ; 12. Берёзовый край : килемарский край / слова В. Жирова ; 13. Килемары не столица / слова В. Жирова ; 14. "Раздолье" лымäн кäным вäр / шамакшы Л. Хлебникован ; 15. Соловьи / слова В. Доронина ; 16. Родная школа / слова Н. Барышниковой ; 17. Спасибо вам, учителя / слова В. Викторова ; 18. Туныктышемлан / мутшо А. Баязитован ; 19. Гимн Центра детского творчества / слова Н. Барышниковой ; 20. Гимн патриотического клуба "Наследник" / сло ...
606 1# - НАИМЕНОВАНИЕ ТЕМЫ КАК ПРЕДМЕТ
Наименование темы Вокальная музыка российских композиторов
Формальный подзаголовок Ноты
Код системы nlr_sh
606 1# - НАИМЕНОВАНИЕ ТЕМЫ КАК ПРЕДМЕТ
Наименование темы Вокальная музыка марийских композиторов
Географический подзаголовок Россия (Марий Эл)
Хронологический подзаголовок 20-21 вв.
Формальный подзаголовок Ноты
Код системы nlr_sh
686 0# - ИНДЕКСЫ ДРУГИХ КЛАССИФИКАЦИЙ
Индекс Щ94-99-041.5(2Р)я44
686 0# - ИНДЕКСЫ ДРУГИХ КЛАССИФИКАЦИЙ
Индекс Щ94-99-041.5(2Р=Мар)
700 #1 - ИМЯ ЛИЦА - ПЕРВИЧНАЯ ОТВЕТСТВЕННОСТЬ
Системный номер авторитетной/нормативной записи z02790
Начальный элемент ввода Луничкина
Часть имени, кроме начального элемента ввода С. С.
Дополнения к именам, кроме дат Богданова
Даты 1973-
Расширение инициалов личного имени Светлана Станиславовона
Код отношения Композитор
Графика поля Кириллица
790 #1 - ИМЯ ЛИЦА - АЛЬТЕРНАТИВНАЯ ФОРМА
Системный номер авторитетной/нормативной записи z02700
Начальный элемент ввода Luničkina
Часть имени, кроме начального элемента ввода S. S.
Дополнения к именам, кроме дат Bogdanova
Даты 1973-
Расширение инициалов личного имени Svetlana Stanislavovna
Код отношения Композитор
Графика поля Латинская
801 #0 - ИСТОЧНИК ЗАПИСИ
Страна Российская Федерация
Организация NLR
Дата составления 20221219
Правила каталогизации PSBO
801 #1 - ИСТОЧНИК ЗАПИСИ
Страна Российская Федерация
Организация NLR
Дата составления 20221219
Источник данных rusmarc
801 #2 - ИСТОЧНИК ЗАПИСИ
Страна Российская Федерация
Организация NLR
Дата составления 20230207
852 ## - МЕСТОНАХОЖДЕНИЕ И ШИФР ХРАНЕНИЯ
Идентификатор организации NLR
Наименование фонда или коллекции (Sub-Location Identifier) М
Шифр хранения (Call Number) К-3/31150
Страна
Номер экземпляра 1
852 ## - МЕСТОНАХОЖДЕНИЕ И ШИФР ХРАНЕНИЯ
Идентификатор организации NLR
Наименование фонда или коллекции (Sub-Location Identifier) М
Шифр хранения (Call Number) К-3/31150а
Страна
Номер экземпляра 2
942 ## - ДОПОЛНИТЕЛЬНЫЕ ЭЛЕМЕНТЫ ЗАПИСИ (АБИС)
Тип экземпляра АБИС Ноты
980 ## - КОЛЛЕКЦИЯ
Название коллекции Национальная библиография
980 ## - КОЛЛЕКЦИЯ
Название коллекции Отдел нот и звукозаписей
Экземпляры
Тип экземпляра Дата поступления Библиотека постоянного хранения Библиотека текущего хранения Место хранения Шифр хранения Статус экземпляра
Ноты 19.12.2022 РНБ (Московский) РНБ (Московский) Фонд нот и звукозаписей К-3/31150 К-3/31150  
Ноты 19.12.2022 РНБ (Московский) РНБ (Московский) Фонд нот и звукозаписей К-3/31150а К-3/31150а